000 00555nam a2200217Ia 4500
003 OSt
005 20220928144803.0
006 a|||||r|||| 00| 0
007 ta
008 220927b |||||||| |||| 00| 0 eng d
024 _a76152
037 _cTextual
040 _aSDCL
_cSDCL
_beng
041 _2eng
_aeng
082 _aO-,M8:g, M3
100 _aDavis Philip
_9509733
245 0 _aMemory and writting
_b From words-worth to Lawrence.
260 _c1983
942 _hO-,M8:g, M3
_cTEXL
_2CC
999 _c829714
_d829714